00354nam a2200133Ia 4500008004100000020001500041041001200056100001400068245006000082260003900142300000800181650001400189700001700203221030s9999 xx 000 0 und d a9332518650 aEnglish aP. N. Tan 0aIntroduction to Data Miningcby P. N. Tan, M. Steinbach bPearson EdcuationaNew Delhic2015 a732 aComputers aM. Steinbach